[Event "Arco op 45th"]
[Site "Arco"]
[Date "2023.10.14"]
[Round "8"]
[White "Fuochi, Tommaso"]
[Black "Vezzosi, Paolo"]
[Result "0-1"]
[WhiteElo "2007"]
[BlackElo "2154"]
[PlyCount "94"]
[EventDate "2023.10.07"]
[EventType "swiss"]
[EventRounds "9"]
[EventCountry "ITA"]
[SourceTitle "Mega2024 Update 01"]
[Source "Chessbase"]
[SourceDate "2023.11.12"]
[SourceVersion "1"]
[SourceVersionDate "2023.11.12"]
[SourceQuality "1"]

1. d4 d5 2. Nf3 Nf6 3. g3 c6 4. Bg2 Bf5 5. c4 e6 6. Qb3 Qb6 7. c5 Qa6 8. Nc3 b6 9. Bf1 Ne4 10. Nxe4 Bxe4 11. e3 Qc8 12. cxb6 axb6 13. Be2 Nd7 14. 0-0 Be7 15. Bd2 0-0 16. Ne1 Ra7 17. f3 Bg6 18. Ng2 Qa8 19. Nf4 c5 20. a3 c4 21. Qd1 b5 22. h4 Bd6 23. h5 Bxf4 24. hxg6 Bxg3 25. Bb4 Qd8 26. gxh7+ Kh8 27. Kg2 Qg5 28. f4 Bxf4+ 29. Bg4 Bxe3 30. Bxf8 Nxf8 31. Qf3 Ng6 32. Kh1 f5 33. Bh3 Nh4 34. Qe2 Qg3 35. Qh2 Qxh2+ 36. Kxh2 Bxd4 37. Rab1 g5 38. Rbe1 Ra6 39. Re2 Kxh7 40. Kg3 Kg6 41. Rd1 f4+ 42. Kh2 Be3 43. Bxe6 Rxe6 44. Rxd5 Bg1+ 45. Kxg1 Rxe2 46. Rxb5 g4 47. Kf1 Rd2 0-1

[Event "Arco op 45th"]
[Site "Arco"]
[Date "2023.10.08"]
[Round "2"]
[White "Zayed, Ali Al Hamed"]
[Black "Vezzosi, Paolo"]
[Result "1-0"]
[WhiteElo "1949"]
[BlackElo "2154"]
[PlyCount "63"]
[EventDate "2023.10.07"]
[EventType "swiss"]
[EventRounds "9"]
[EventCountry "ITA"]
[SourceTitle "Mega2024 Update 01"]
[Source "Chessbase"]
[SourceDate "2023.11.12"]
[SourceVersion "1"]
[SourceVersionDate "2023.11.12"]
[SourceQuality "1"]

1. d4 f5 2. e4 fxe4 3. Nc3 Nf6 4. Bg5 Nc6 5. d5 Ne5 6. Qd4 Nf7 7. h4 c6 8. 0-0-0 Qb6 9. Bxf6 gxf6 10. Qxe4 Qxf2 11. Nf3 Bh6+ 12. Kb1 Qe3 13. Qg4 Qf4 14. Qh5 d6 15. dxc6 bxc6 16. Qa5 Bd7 17. Bd3 Rb8 18. a3 0-0 19. Rdf1 Qg4 20. Re1 e5 21. Ne4 Qe6 22. g4 Bg7 23. Ng3 Qxg4 24. Rhg1 Qxf3 25. Qxa7 Bg4 26. Ne4 f5 27. Ref1 Ra8 28. Qb6 Rfb8 29. Qc7 fxe4 30. Rxf3 Bxf3 31. Bc4 d5 32. Qxc6 1-0

[Event "Arco Christmas op 12th"]
[Site "Arco"]
[Date "2022.12.26"]
[Round "1"]
[White "Vezzosi, Paolo"]
[Black "Giordano, Massimiliano"]
[Result "1-0"]
[WhiteElo "2168"]
[BlackElo "1870"]
[PlyCount "103"]
[EventDate "2022.12.26"]
[EventType "swiss"]
[EventRounds "7"]
[EventCountry "ITA"]
[SourceTitle "CBM 212 Extra"]
[Source "ChessBase"]
[SourceDate "2023.03.31"]
[SourceVersion "1"]
[SourceVersionDate "2023.03.31"]
[SourceQuality "1"]

1. e4 c6 2. d4 d5 3. Nd2 dxe4 4. Nxe4 Bf5 5. Ng3 Bg6 6. h4 h6 7. Nf3 Nd7 8. h5 Bh7 9. Bd3 Bxd3 10. Qxd3 e6 11. Bd2 Ngf6 12. Qe2 Be7 13. 0-0-0 0-0 14. Ne5 c5 15. dxc5 Nxe5 16. Qxe5 Qc8 17. Nf5 Qxc5 18. Nxe7+ Qxe7 19. Bc3 Rfd8 20. g4 Rxd1+ 21. Rxd1 Ne8 22. Qb5 Qg5+ 23. Qxg5 hxg5 24. Rd7 b6 25. f3 Nf6 26. Bxf6 gxf6 27. Kd2 f5 28. c4 fxg4 29. fxg4 Rc8 30. Kd3 f5 31. h6 fxg4 32. Rg7+ Kh8 33. Rxg5 Kh7 34. Rxg4 Kxh6 35. b4 a5 36. b5 e5 37. a4 Kh5 38. Rg7 e4+ 39. Kd4 Re8 40. Rg3 Rc8 41. Re3 Kg5 42. Rxe4 Kf5 43. Re5+ Kf6 44. Rh5 Rd8+ 45. Rd5 Rb8 46. Rd6+ Ke7 47. Kd5 Rb7 48. Kc6 Rb8 49. Rd7+ Ke6 50. Kc7 Rh8 51. Rd4 Ke5 52. Rd5+ 1-0

[Event "Arco op 44th"]
[Site "Arco"]
[Date "2022.10.12"]
[Round "5"]
[White "Bellincampi, Stefano"]
[Black "Vezzosi, Paolo"]
[Result "1/2-1/2"]
[WhiteElo "1989"]
[BlackElo "2174"]
[PlyCount "57"]
[EventDate "2022.10.08"]
[EventType "swiss"]
[EventRounds "9"]
[EventCountry "ITA"]
[SourceTitle "CBM 210 Extra"]
[Source "ChessBase"]
[SourceDate "2022.11.30"]
[SourceVersion "1"]
[SourceVersionDate "2022.11.30"]
[SourceQuality "1"]

1. Nf3 Nf6 2. c4 c5 3. Nc3 d5 4. cxd5 Nxd5 5. d4 e6 6. e4 Nxc3 7. bxc3 cxd4 8. cxd4 Bb4+ 9. Bd2 Bxd2+ 10. Qxd2 0-0 11. Bc4 Nd7 12. 0-0 b6 13. Rfe1 Bb7 14. Rad1 Rc8 15. Bb3 Nf6 16. d5 exd5 17. exd5 Rc5 18. Re5 Qd6 19. Qd4 Rfc8 20. Ng5 Rc1 21. Ree1 Rxd1 22. Rxd1 Re8 23. f3 Kf8 24. Ne4 Nxe4 25. fxe4 f6 26. Re1 Re7 27. Qf2 g6 28. Qh4 Kg7 29. Qf2 1/2-1/2

[Event "Arco op 44th"]
[Site "Arco"]
[Date "2022.10.09"]
[Round "2"]
[White "Vezzosi, Paolo"]
[Black "Link, Robert"]
[Result "1-0"]
[WhiteElo "2174"]
[BlackElo "1920"]
[PlyCount "65"]
[EventDate "2022.10.08"]
[EventType "swiss"]
[EventRounds "9"]
[EventCountry "ITA"]
[SourceTitle "CBM 210 Extra"]
[Source "ChessBase"]
[SourceDate "2022.11.30"]
[SourceVersion "1"]
[SourceVersionDate "2022.11.30"]
[SourceQuality "1"]

1. c4 Nf6 2. Nc3 g6 3. e4 d6 4. d4 Bg7 5. Be2 c6 6. Nf3 Qc7 7. 0-0 0-0 8. Be3 Ng4 9. Bg5 h6 10. Bh4 Nd7 11. Bxe7 Re8 12. Bh4 Ngf6 13. Qc2 Nf8 14. Rad1 N8h7 15. Nd2 g5 16. Bg3 Qe7 17. Rfe1 Nf8 18. b4 Ng6 19. c5 d5 20. Bd6 Qd8 21. Bd3 Nxe4 22. Ndxe4 dxe4 23. Bxe4 Nh4 24. g3 f5 25. Bh1 Ng6 26. d5 Bd7 27. dxc6 bxc6 28. b5 Rxe1+ 29. Rxe1 Qa5 30. bxc6 Qxc3 31. Qxc3 Bxc3 32. cxd7 Bxe1 33. Bxa8 1-0

[Event "Arco op 43rd"]
[Site "Arco"]
[Date "2021.10.16"]
[Round "8"]
[White "Birkholz, Olga"]
[Black "Vezzosi, Paolo"]
[Result "0-1"]
[WhiteElo "2012"]
[BlackElo "2218"]
[PlyCount "90"]
[EventDate "2021.10.09"]
[EventType "swiss"]
[EventRounds "9"]
[EventCountry "ITA"]
[SourceTitle "CBM 204 Extra"]
[Source "ChessBase"]
[SourceDate "2021.11.30"]
[SourceVersion "1"]
[SourceVersionDate "2021.11.30"]
[SourceQuality "1"]

1. Nf3 Nf6 2. d4 g6 3. e3 Bg7 4. Bd3 c5 5. c3 b6 6. Qe2 Nc6 7. 0-0 0-0 8. Ne5 Bb7 9. f4 e6 10. Nd2 Ne7 11. a4 d6 12. Nef3 Nc6 13. Nc4 a6 14. e4 cxd4 15. e5 dxe5 16. fxe5 Nd5 17. cxd4 Ndb4 18. Bb1 Nxd4 19. Nxd4 Qxd4+ 20. Be3 Qh4 21. Bxb6 Nd5 22. Bf2 Qg5 23. Bg3 h5 24. Be4 Rab8 25. Qe1 Qe7 26. Nd6 Ba8 27. Qe2 h4 28. Bxd5 Bxd5 29. Be1 Rb3 30. Bc3 h3 31. g3 Bh6 32. Ne4 Qa7+ 33. Nf2 Rc8 34. Rfe1 Rc4 35. Qd3 Qc5 36. Rad1 Rxa4 37. Qf1 Be3 38. Rxe3 Qxe3 39. Qxh3 Rxc3 40. bxc3 Ra2 41. Qf1 Qxc3 42. Rd3 Qxe5 43. Ng4 Qb2 44. Nh6+ Kh8 45. Nxf7+ Kg7 0-1

[Event "Arco op 43rd"]
[Site "Arco"]
[Date "2021.10.15"]
[Round "7"]
[White "Vezzosi, Paolo"]
[Black "Bellincampi, Stefano"]
[Result "1/2-1/2"]
[WhiteElo "2218"]
[BlackElo "2029"]
[PlyCount "77"]
[EventDate "2021.10.09"]
[EventType "swiss"]
[EventRounds "9"]
[EventCountry "ITA"]
[SourceTitle "CBM 204 Extra"]
[Source "ChessBase"]
[SourceDate "2021.11.30"]
[SourceVersion "1"]
[SourceVersionDate "2021.11.30"]
[SourceQuality "1"]

1. e4 e5 2. Nf3 Nc6 3. Bb5 a6 4. Bxc6 dxc6 5. Nc3 f6 6. d4 exd4 7. Qxd4 Qxd4 8. Nxd4 Bd7 9. Bf4 0-0-0 10. 0-0-0 Bd6 11. Nde2 Be6 12. Rd2 Ne7 13. Rhd1 Bc5 14. Rxd8+ Rxd8 15. Rxd8+ Kxd8 16. f3 Ng6 17. Bg3 Be3+ 18. Kd1 Kd7 19. Ke1 Ne5 20. b3 Ng6 21. Bf2 Bxf2+ 22. Kxf2 Kd6 23. f4 Bd7 24. Ke3 b6 25. h3 Ne7 26. f5 Be8 27. Nf4 Bf7 28. a3 c5 29. g4 Nc6 30. Nce2 b5 31. Nh5 Bxh5 32. gxh5 a5 33. h6 gxh6 34. c3 Ne5 35. Nf4 c6 36. Nh5 Ke7 37. Nf4 Kd6 38. Nh5 Ke7 39. Nf4 1/2-1/2

[Event "Arco op 43rd"]
[Site "Arco"]
[Date "2021.10.09"]
[Round "1"]
[White "Vezzosi, Paolo"]
[Black "Renzi, Marco"]
[Result "1-0"]
[WhiteElo "2218"]
[BlackElo "1793"]
[PlyCount "67"]
[EventDate "2021.10.09"]
[EventType "swiss"]
[EventRounds "9"]
[EventCountry "ITA"]
[SourceTitle "CBM 204 Extra"]
[Source "ChessBase"]
[SourceDate "2021.11.30"]
[SourceVersion "1"]
[SourceVersionDate "2021.11.30"]
[SourceQuality "1"]

1. d4 d5 2. c4 c6 3. Nf3 Bf5 4. Nc3 e6 5. Qb3 Qb6 6. c5 Qxb3 7. axb3 Nd7 8. b4 b5 9. Bf4 Ngf6 10. h3 Be7 11. Ra6 0-0 12. e3 Rfc8 13. Be2 Ne4 14. 0-0 Nxc3 15. bxc3 Bc2 16. Rfa1 Ba4 17. Bd1 Bxd1 18. Rxd1 Nb8 19. Bxb8 Raxb8 20. Ne5 Rb7 21. Nxc6 Rcc7 22. Rda1 f6 23. Rxa7 Kf7 24. Rxb7 Rxb7 25. Ra6 Ke8 26. Rb6 Rc7 27. Na5 Kd7 28. Rxb5 Kc8 29. Rb6 e5 30. Nc6 Kd7 31. b5 h5 32. Nb4 Ra7 33. Nxd5 h4 34. Ra6 1-0

[Event "Trieste op 23rd"]
[Site "Trieste"]
[Date "2021.09.02"]
[Round "7"]
[White "Schreiner, Peter"]
[Black "Vezzosi, Paolo"]
[Result "1-0"]
[WhiteElo "2440"]
[BlackElo "2218"]
[PlyCount "115"]
[EventDate "2021.08.28"]
[EventType "swiss"]
[EventRounds "9"]
[EventCountry "ITA"]
[SourceTitle "CBM 204 Extra"]
[Source "ChessBase"]
[SourceDate "2021.11.30"]
[SourceVersion "1"]
[SourceVersionDate "2021.11.30"]
[SourceQuality "1"]

1. d4 Nf6 2. c4 e6 3. Nf3 d5 4. g3 Be7 5. Bg2 0-0 6. 0-0 dxc4 7. Qc2 a6 8. a4 Nc6 9. Qxc4 Nd5 10. Rd1 a5 11. e4 Nb6 12. Qe2 Nb4 13. Nc3 Re8 14. h4 c6 15. h5 h6 16. Bf4 Nd7 17. Rd2 b6 18. Bh3 Nf6 19. Ne5 Ra7 20. Rad1 Bf8 21. Qf3 Ba6 22. Kh2 Nh7 23. Bg2 f6 24. Ng6 Bc4 25. Nb1 Ng5 26. Qc3 Ba6 27. Qb3 Bd6 28. Be3 Nf7 29. Bh3 Bc8 30. Nc3 Kh7 31. Ne2 Ng5 32. Bg2 Nf7 33. Nef4 Qc7 34. e5 fxe5 35. dxe5 Bxe5 36. Nd3 Bd6 37. Nxb4 Bxb4 38. Rc2 c5 39. Rcc1 Bb7 40. Qc2 Kg8 41. Bf4 e5 42. Bxb7 Rxb7 43. Be3 Qc6 44. Qe2 Qxa4 45. Qg4 Qc6 46. Nh4 Qf6 47. Nf5 Rc7 48. Rd5 Rf8 49. Rcd1 Ng5 50. Nh4 c4 51. Ng6 Re8 52. Kg2 Rf7 53. Rd7 b5 54. R7d5 Nf3 55. Rxb5 Nd4 56. Rd5 Qc6 57. Qe4 Rd7 58. R1xd4 1-0

[Event "Trieste op 23rd"]
[Site "Trieste"]
[Date "2021.08.30"]
[Round "4"]
[White "Vezzosi, Paolo"]
[Black "Tancsa, Tamas"]
[Result "1-0"]
[WhiteElo "2218"]
[BlackElo "1965"]
[PlyCount "63"]
[EventDate "2021.08.28"]
[EventType "swiss"]
[EventRounds "9"]
[EventCountry "ITA"]
[SourceTitle "CBM 204 Extra"]
[Source "ChessBase"]
[SourceDate "2021.11.30"]
[SourceVersion "1"]
[SourceVersionDate "2021.11.30"]
[SourceQuality "1"]

1. Nf3 Nf6 2. d4 g6 3. Bg5 d5 4. Bxf6 exf6 5. e3 Bg7 6. c4 dxc4 7. Bxc4 f5 8. Nc3 0-0 9. 0-0 b6 10. Ne5 Bxe5 11. dxe5 Qe7 12. Qf3 c6 13. Qg3 Nd7 14. f4 Kh8 15. Rad1 f6 16. Rd6 fxe5 17. Rxc6 exf4 18. Qxf4 Qe5 19. Qh6 Qg7 20. Qxg7+ Kxg7 21. Rc7 Kh8 22. Bd5 Rb8 23. Rxa7 Ne5 24. Re7 Nd3 25. Rd1 Ba6 26. Ra7 Nb4 27. Bf3 Bc4 28. Rd4 b5 29. b3 Nc2 30. Rd2 Nxe3 31. bxc4 bxc4 32. Rdd7 1-0

[Event "ITA-ch sf 80th"]
[Site "Civitanova Marche"]
[Date "2021.07.21"]
[Round "5"]
[White "Vezzosi, Paolo"]
[Black "Corvi, Marco"]
[Result "1/2-1/2"]
[WhiteElo "2219"]
[BlackElo "2278"]
[PlyCount "22"]
[EventDate "2021.07.17"]
[EventType "swiss"]
[EventRounds "9"]
[EventCountry "ITA"]
[SourceTitle "CBM 203 Extra"]
[Source "ChessBase"]
[SourceDate "2021.09.30"]
[SourceVersion "1"]
[SourceVersionDate "2021.09.30"]
[SourceQuality "1"]

1. d4 Nf6 2. Bg5 e6 3. e4 h6 4. Bxf6 Qxf6 5. Nc3 d6 6. Qd2 g5 7. 0-0-0 Bg7 8. g3 Nc6 9. Bb5 a6 10. Bxc6+ bxc6 11. f4 Rb8 1/2-1/2

[Event "Cattolica Summer GM Mix"]
[Site "Cattolica"]
[Date "2021.05.26"]
[Round "9"]
[White "Fischer, Daniel1111"]
[Black "Vezzosi, Paolo"]
[Result "1-0"]
[WhiteElo "2302"]
[BlackElo "2242"]
[PlyCount "53"]
[EventDate "2021.05.21"]
[EventType "swiss"]
[EventRounds "9"]
[EventCountry "ITA"]
[SourceTitle "CBM 202 Extra"]
[Source "ChessBase"]
[SourceDate "2021.07.31"]
[SourceVersion "1"]
[SourceVersionDate "2021.07.31"]
[SourceQuality "1"]

1. e4 e6 2. d4 d5 3. Nc3 Bb4 4. e5 b6 5. h4 Qd7 6. h5 h6 7. Qg4 Bf8 8. b4 f5 9. Qg6+ Qf7 10. Qxf7+ Kxf7 11. a3 Ne7 12. Nf3 Nec6 13. Bd3 Be7 14. Ne2 Rd8 15. Rg1 a5 16. b5 Na7 17. Rb1 Nd7 18. Nf4 Nf8 19. g4 fxg4 20. Rxg4 Rb8 21. Ke2 Bd7 22. a4 c6 23. Be3 cxb5 24. Rbg1 bxa4 25. Rxg7+ Ke8 26. Ng6 Nc8 27. Nxf8 1-0

[Event "Cattolica Summer GM Mix"]
[Site "Cattolica"]
[Date "2021.05.22"]
[Round "3"]
[White "Le Goff, Damien"]
[Black "Vezzosi, Paolo"]
[Result "1/2-1/2"]
[WhiteElo "2294"]
[BlackElo "2242"]
[PlyCount "141"]
[EventDate "2021.05.21"]
[EventType "swiss"]
[EventRounds "9"]
[EventCountry "ITA"]
[SourceTitle "CBM 202 Extra"]
[Source "ChessBase"]
[SourceDate "2021.07.31"]
[SourceVersion "1"]
[SourceVersionDate "2021.07.31"]
[SourceQuality "1"]

1. d4 Nf6 2. c4 g6 3. Nc3 Bg7 4. e4 d6 5. Nf3 0-0 6. Be2 Bg4 7. Be3 Nfd7 8. Ng1 Bxe2 9. Ngxe2 c5 10. f3 Nc6 11. Qd2 cxd4 12. Nxd4 Rc8 13. b3 a6 14. Rc1 Qa5 15. 0-0 Nxd4 16. Bxd4 Bxd4+ 17. Qxd4 Qc5 18. Qxc5 Rxc5 19. Rfd1 Rfc8 20. a4 Kf8 21. Kf2 R5c6 22. Rb1 e6 23. Ke2 Ke7 24. Kd2 f5 25. Re1 Kf7 26. exf5 gxf5 27. Ne2 Nf8 28. g4 Rc5 29. Nd4 f4 30. Ne2 Ng6 31. Nd4 e5 32. Nf5 Kf6 33. Rbc1 a5 34. Rc3 d5 35. Nd6 Rb8 36. Kc2 Ke6 37. Nf5 dxc4 38. Rxc4 Rbc8 39. Kc3 Rxc4+ 40. bxc4 Rc7 41. Rb1 e4 42. Rb6+ Kd7 43. Rd6+ Kc8 44. fxe4 Ne5 45. Rd4 Nxg4 46. Nd6+ Kb8 47. e5 Nxe5 48. Rxf4 Ng6 49. Rf5 b6 50. Nb5 Re7 51. Rf6 Kb7 52. Nd6+ Kb8 53. Nf5 Rb7 54. h4 Ka7 55. h5 Ne5 56. Re6 Ng4 57. Ne7 Rd7 58. Nd5 Nf2 59. Kd4 Ng4 60. Ke4 Nf2+ 61. Kf5 Nd3 62. Nxb6 Rf7+ 63. Kg5 Nc5 64. Re7+ Rxe7 65. Nc8+ Kb7 66. Nxe7 Nxa4 67. Nd5 Nb6 68. Nc3 Nxc4 69. Kh6 Ne5 70. Kxh7 Kc6 71. Kg7 1/2-1/2

[Event "Cattolica Summer GM Mix"]
[Site "Cattolica"]
[Date "2021.05.22"]
[Round "2"]
[White "Vezzosi, Paolo"]
[Black "Hagner, Bennet"]
[Result "1-0"]
[WhiteElo "2242"]
[BlackElo "2084"]
[PlyCount "85"]
[EventDate "2021.05.21"]
[EventType "swiss"]
[EventRounds "9"]
[EventCountry "ITA"]
[SourceTitle "CBM 202 Extra"]
[Source "ChessBase"]
[SourceDate "2021.07.31"]
[SourceVersion "1"]
[SourceVersionDate "2021.07.31"]
[SourceQuality "1"]

1. c4 c6 2. e4 d5 3. exd5 cxd5 4. d4 Nf6 5. Nc3 Nc6 6. Bg5 dxc4 7. d5 Ne5 8. Qd4 h6 9. Qxe5 hxg5 10. Bxc4 a6 11. Nge2 g6 12. Qxg5 b5 13. Bb3 b4 14. Na4 Qa5 15. Qe3 Bg7 16. Rc1 0-0 17. Rc5 Qd8 18. 0-0 Ng4 19. Qd2 Qd6 20. f4 Bd7 21. Rfc1 Rac8 22. Rxc8 Rxc8 23. Rxc8+ Bxc8 24. h3 Nf6 25. Qd4 Bb7 26. Qc5 Bxd5 27. Qxd6 exd6 28. Bxd5 Nxd5 29. Kf2 f5 30. g4 Kf7 31. gxf5 gxf5 32. Kf3 Bf6 33. Nc1 Kg6 34. a3 a5 35. Nb3 Nb6 36. Nxb6 Bxb2 37. a4 Kh5 38. Nxa5 Bd4 39. Nd5 Bc5 40. Nb3 Kh4 41. Nxc5 dxc5 42. a5 c4 43. Nxb4 1-0

[Event "Cattolica Summer GM Mix"]
[Site "Cattolica"]
[Date "2021.05.21"]
[Round "1"]
[White "Kadric, Denis"]
[Black "Vezzosi, Paolo"]
[Result "1-0"]
[WhiteElo "2584"]
[BlackElo "2242"]
[PlyCount "35"]
[EventDate "2021.05.21"]
[EventType "swiss"]
[EventRounds "9"]
[EventCountry "ITA"]
[SourceTitle "CBM 202 Extra"]
[Source "ChessBase"]
[SourceDate "2021.07.31"]
[SourceVersion "1"]
[SourceVersionDate "2021.07.31"]
[SourceQuality "1"]

1. e4 e5 2. Nf3 Nc6 3. Nc3 Nf6 4. Bb5 Bd6 5. d3 0-0 6. a3 h6 7. g4 Ne7 8. g5 hxg5 9. Bxg5 Ng6 10. Rg1 Re8 11. Bc4 c6 12. Bxf6 Qxf6 13. Ng5 Re7 14. Qh5 Bc5 15. 0-0-0 Re6 16. Bxe6 dxe6 17. Rg3 b6 18. Rdg1 1-0

[Event "Arco op 42nd"]
[Site "Arco"]
[Date "2020.10.17"]
[Round "8.5"]
[White "Perman, Sergey"]
[Black "Vezzosi, Paolo"]
[Result "1-0"]
[WhiteElo "2154"]
[BlackElo "2262"]
[PlyCount "103"]
[EventDate "2020.10.10"]
[EventType "swiss"]
[EventRounds "9"]
[EventCountry "ITA"]
[SourceTitle "CBM 198 Extra"]
[Source "ChessBase"]
[SourceDate "2020.11.30"]
[SourceVersion "1"]
[SourceVersionDate "2020.11.30"]
[SourceQuality "1"]

1. e4 e6 2. d4 d5 3. Nc3 Bb4 4. exd5 exd5 5. Bd3 Ne7 6. Bg5 f6 7. Bf4 Nbc6 8. Nge2 Bg4 9. f3 Bf5 10. a3 Ba5 11. Bxf5 Nxf5 12. Qd3 Qd7 13. g4 Nh4 14. Bg3 Ng6 15. h4 0-0-0 16. h5 Bxc3+ 17. Qxc3 Nge7 18. 0-0-0 Kb8 19. Rhe1 g5 20. b4 Nc8 21. b5 N6e7 22. a4 Nd6 23. Qb4 Rhe8 24. Nc3 f5 25. gxf5 Qxf5 26. Rd3 Qf7 27. a5 Nef5 28. Be5 Nc4 29. b6 axb6 30. axb6 Nxe5 31. dxe5 cxb6 32. Nb5 Ng7 33. Qa3 Qf4+ 34. Kb1 Rxe5 35. Qa7+ Kc8 36. Qa8+ Kd7 37. Qxb7+ Ke8 38. Rxe5+ Qxe5 39. h6 Ne6 40. Qxh7 d4 41. Qg6+ Ke7 42. Rb3 d3 43. cxd3 Qe1+ 44. Kb2 Qd2+ 45. Kb1 Rc8 46. Rc3 Rxc3 47. Qh7+ Kf6 48. Nxc3 Qe1+ 49. Kb2 Qf2+ 50. Kb3 Nc5+ 51. Kc4 Qxf3 52. Nd5+ 1-0

[Event "Arco op 42nd"]
[Site "Arco"]
[Date "2020.10.14"]
[Round "5.14"]
[White "Vezzosi, Paolo"]
[Black "Von Wantoch Rekowski, Markus"]
[Result "1-0"]
[WhiteElo "2262"]
[BlackElo "1992"]
[PlyCount "63"]
[EventDate "2020.10.10"]
[EventType "swiss"]
[EventRounds "9"]
[EventCountry "ITA"]
[SourceTitle "CBM 198 Extra"]
[Source "ChessBase"]
[SourceDate "2020.11.30"]
[SourceVersion "1"]
[SourceVersionDate "2020.11.30"]
[SourceQuality "1"]

1. c4 e5 2. g3 g6 3. Bg2 Bg7 4. Nc3 d6 5. e3 Nc6 6. Nge2 Nf6 7. 0-0 h5 8. d4 exd4 9. Nxd4 Nxd4 10. exd4 0-0 11. Bg5 Qd7 12. Qd2 Nh7 13. Bf4 h4 14. Rfe1 h3 15. Bh1 c6 16. d5 Rd8 17. Re2 c5 18. Rae1 Qg4 19. Ne4 Be5 20. Bxe5 dxe5 21. f3 Qh5 22. Nxc5 Ng5 23. Ne4 Nh7 24. Nf2 f6 25. f4 Bg4 26. Nxg4 Qxg4 27. fxe5 fxe5 28. Re4 Qc8 29. b4 Rf8 30. d6 a5 31. Rxe5 axb4 32. Bd5+ 1-0

[Event "Arco Christmas op 10th"]
[Site "Arco"]
[Date "2019.12.29"]
[Round "5"]
[White "Siclari, Giovanni"]
[Black "Vezzosi, Paolo"]
[Result "1-0"]
[WhiteElo "2220"]
[BlackElo "2267"]
[PlyCount "47"]
[EventDate "2019.12.26"]
[EventType "swiss"]
[EventRounds "7"]
[EventCountry "ITA"]
[SourceTitle "CBM 194 Extra"]
[Source "ChessBase"]
[SourceDate "2020.03.31"]
[SourceVersion "1"]
[SourceVersionDate "2020.03.31"]
[SourceQuality "1"]

1. Nf3 Nf6 2. c4 c5 3. Nc3 d5 4. cxd5 Nxd5 5. d4 Nxc3 6. bxc3 e6 7. e4 cxd4 8. cxd4 Bb4+ 9. Bd2 Bxd2+ 10. Qxd2 0-0 11. Bc4 Nd7 12. 0-0 Nf6 13. Rfe1 b6 14. Qf4 Bb7 15. Rad1 Rc8 16. Bd3 h6 17. d5 exd5 18. e5 Nh7 19. h4 Re8 20. Nd4 Nf8 21. Nf5 Rc7 22. Qg4 Ne6 23. Nxh6+ Kf8 24. Nf5 1-0

[Event "Arco op 41st"]
[Site "Arco"]
[Date "2019.10.06"]
[Round "3"]
[White "Klings, Peter"]
[Black "Vezzosi, Paolo"]
[Result "0-1"]
[WhiteElo "2121"]
[BlackElo "2244"]
[PlyCount "80"]
[EventDate "2019.10.04"]
[EventType "swiss"]
[EventRounds "9"]
[EventCountry "ITA"]
[SourceTitle "EXT 2020"]
[Source "ChessBase"]
[SourceDate "2019.10.17"]
[SourceVersion "1"]
[SourceVersionDate "2019.10.17"]
[SourceQuality "1"]

1. e4 c5 2. Nf3 Nc6 3. Bb5 Nf6 4. e5 Nd5 5. 0-0 g6 6. Re1 Bg7 7. Nc3 Nc7 8. Bxc6 dxc6 9. Ne4 Ne6 10. d3 b6 11. Be3 Qc7 12. Qd2 Bxe5 13. Nxe5 Qxe5 14. Bh6 Bd7 15. a4 Rg8 16. c3 0-0-0 17. Ng5 Qf5 18. a5 b5 19. a6 Nxg5 20. Bxg5 Be6 21. d4 Rd7 22. Bf4 f6 23. Qe3 Bd5 24. h3 h5 25. Bh2 h4 26. dxc5 g5 27. f3 e5 28. Rad1 Rgd8 29. Kh1 Bb3 30. Rxd7 Rxd7 31. Bg1 Rd3 32. Qe2 Bc4 33. Qf2 Qd7 34. Qc2 Be6 35. Re2 Kc7 36. Re3 Rd2 37. Qg6 Bxh3 38. Bh2 Bxg2+ 39. Kg1 Bxf3 40. Rxf3 Qg4+ 0-1